The tribal world of Verrier Elwin; (Record no. 67163)

MARC details
000 -LEADER
fixed length control field 00651cam a22002171 4500
001 - CONTROL NUMBER
control field sa 66000267
003 - CONTROL NUMBER IDENTIFIER
control field DLC
005 - DATE AND TIME OF LATEST TRANSACTION
control field 20260227112214.0
008 - FIXED-LENGTH DATA ELEMENTS--GENERAL INFORMATION
fixed length control field 720218s1964 xx 000 0 eng
010 ## - LIBRARY OF CONGRESS CONTROL NUMBER
LC control number sa 66000267
035 ## - SYSTEM CONTROL NUMBER
System control number (OCoLC)244901
040 ## - CATALOGING SOURCE
Original cataloging agency DLC
Transcribing agency OYesA
Modifying agency OCoLC
-- DLC
042 ## - AUTHENTICATION CODE
Authentication code premarc
050 00 - LIBRARY OF CONGRESS CALL NUMBER
Classification number DS430
Item number .E52 1964a
100 1# - MAIN ENTRY--PERSONAL NAME
Personal name Elwin, Verrier,
Dates associated with a name 1902-1964.
245 14 - TITLE STATEMENT
Title The tribal world of Verrier Elwin;
Remainder of title an autobiography.
260 ## - PUBLICATION, DISTRIBUTION, ETC.
Place of publication, distribution, etc. [Bombay]
Name of publisher, distributor, etc. Indian Branch, Oxford University Press,
Date of publication, distribution, etc. 1964.
300 ## - PHYSICAL DESCRIPTION
Extent xii, 356 p.
Other physical details illus., ports.
Dimensions 23 cm.
650 #0 - SUBJECT ADDED ENTRY--TOPICAL TERM
Topical term or geographic name entry element Ethnology
Geographic subdivision India.
600 10 - SUBJECT ADDED ENTRY--PERSONAL NAME
Personal name Elwin, Verrier,
Dates associated with a name 1902-1964.

No items available.

Powered by Koha